[Event "DSOL 2021"]
[Site "Germany"]
[Date "2021.01.22"]
[Round "1.1"]
[White "Jimmy-schlumpf"]
[Black "Ullrich Krause"]
[Result "1/2-1/2"]
[WhiteElo "1945"]
[BlackElo "1603"]
[Annotator "TA"]
[PlyCount "63"]
[EventDate "2021.01.18"]
[EventType "team-tourn"]
[EventCountry "GER"]
[SourceTitle "playchess.com"]
[Source "ChessBase"]
[SourceQuality "1"]
[WhiteTeam "SC Bad Wimpfen"]
[BlackTeam "Lübecker SV"]

1. d4 d5 2. Nf3 Nf6 3. c4 c6 4. Qb3 dxc4 5. Qxc4 Bf5 6. Nc3 e6 7. g3 Nbd7 8. Bg2 Be7 9. O-O O-O 10. Re1 Ne4 11. Qb3 Qb6 12. Nh4 Qxb3 13. axb3 Bxh4 14. gxh4 Ndf6 15. f3 Nxc3 16. bxc3 Bc2 17. Ra3 a5 18. Bd2 a4 19. bxa4 Rxa4 20. Rxa4 Bxa4 21. e4 c5 22. Ra1 Bc6 23. dxc5 Rd8 24. Be3 e5 25. Bf1 Kf8 26. Kf2 Ke7 27. Bc4 Ne8 28. Ke2 Nc7 29. Ra5 f6 30. h5 h6 31. Ra7 Nb5 32. Bxb5 1/2-1/2

[Event "DSOL 2021"]
[Site "Germany"]
[Date "2021.01.21"]
[Round "1.1"]
[White "Fidelio"]
[Black "Jakov meister"]
[Result "1-0"]
[WhiteElo "1933"]
[BlackElo "1620"]
[Annotator "TA"]
[PlyCount "71"]
[EventDate "2021.01.18"]
[EventType "team-tourn"]
[EventCountry "GER"]
[SourceTitle "playchess.com"]
[Source "ChessBase"]
[SourceQuality "1"]

1. e4 c5 2. Nf3 g6 3. c3 Bg7 4. d4 cxd4 5. cxd4 d5 6. e5 Bg4 7. Bb5+ Nc6 8. Bxc6+ bxc6 9. Nbd2 e6 10. O-O Ne7 11. h3 Bxf3 12. Nxf3 O-O 13. Qc2 Qd7 14. b3 Rfc8 15. Ba3 Bf8 16. Qd2 a5 17. Bd6 Bg7 18. g4 a4 19. Rab1 axb3 20. Rxb3 c5 21. Rfb1 Nc6 22. Rb7 Qe8 23. Bxc5 h6 24. Kg2 Bf8 25. Bxf8 Qxf8 26. Rd7 Rd8 27. Rxd8 Nxd8 28. Qc1 Kg7 29. Rb3 Qe7 30. Rc3 Rxa2 31. Rc8 Qd7 32. Rc7 Qe8 33. Qf4 Nc6 34. Qf6+ Kg8 35. Nh4 Ra7 36. Nxg6 1-0

[Event "DSOL 2021"]
[Site "Germany"]
[Date "2021.01.22"]
[Round "1.1"]
[White "badenia"]
[Black "MAKEOUTHILL"]
[Result "1/2-1/2"]
[WhiteElo "1829"]
[BlackElo "1620"]
[Annotator "NA RC"]
[PlyCount "67"]
[EventDate "2021.01.18"]
[EventType "team-tourn"]
[EventCountry "GER"]
[SourceTitle "playchess.com"]
[Source "ChessBase"]
[SourceQuality "1"]
[WhiteTeam "SV Osnabrück"]
[BlackTeam "SV Walldorf I"]

1. d4 Nf6 2. c4 c5 3. d5 b5 4. cxb5 a6 5. bxa6 g6 6. g3 Bg7 7. Bg2 d6 8. Nf3 O-O 9. O-O Nbd7 10. Nc3 Nb6 11. Rb1 Bxa6 12. b3 Qc7 13. h3 Bb7 14. e4 Nfd7 15. Bd2 Bxc3 16. Bxc3 Rxa2 17. Re1 Nf6 18. Qd3 Nbd7 19. Qe3 Rc2 20. Rec1 Rxc1+ 21. Rxc1 Re8 22. Qh6 Qb6 23. e5 dxe5 24. Nxe5 Nxe5 25. Bxe5 Qxb3 26. Rxc5 Qb1+ 27. Kh2 Qf5 28. Bxf6 Qxf6 29. Qe3 Qd6 30. Rb5 Ba8 31. Rb6 Qd7 32. Qe5 Bb7 33. d6 Bxg2 34. Kxg2 1/2-1/2

[Event "DSOL 2021"]
[Site "Germany"]
[Date "2021.01.22"]
[Round "1.1"]
[White "Michael_Belous"]
[Black "Christian Braun"]
[Result "1/2-1/2"]
[WhiteElo "1756"]
[BlackElo "1885"]
[Annotator "NA RC"]
[PlyCount "70"]
[EventDate "2021.01.18"]
[EventType "team-tourn"]
[EventCountry "GER"]
[SourceTitle "playchess.com"]
[Source "ChessBase"]
[SourceQuality "1"]
[WhiteTeam "SK Dessau I"]
[BlackTeam "SG Porz I"]

1. d4 Nf6 2. c4 g6 3. f3 d5 4. cxd5 Nxd5 5. e4 Nb6 6. Nc3 Bg7 7. Be3 O-O 8. Qd2 Nc6 9. O-O-O Qd6 10. Kb1 Rd8 11. Nb5 Qd7 12. d5 a6 13. dxc6 Qxd2 14. Rxd2 Rxd2 15. Bxd2 axb5 16. cxb7 Bxb7 17. Bxb5 f5 18. exf5 Bd5 19. Ne2 Bxa2+ 20. Kc2 gxf5 21. Bc3 Bc4 22. Bxc4+ Nxc4 23. Nf4 Bxc3 24. Kxc3 Nb6 25. Re1 Kf7 26. Re5 Kf6 27. Re6+ Kf7 28. Re5 Kf6 29. Re6+ Kf7 30. Rc6 e5 31. Nd3 Nd5+ 32. Kc4 Ne3+ 33. Kc3 Nd5+ 34. Kc4 Ne3+ 35. Kc3 Nd5+ 1/2-1/2

[Event "DSOL 2021"]
[Site "Germany"]
[Date "2021.01.22"]
[Round "1.1"]
[White "JanOphüls"]
[Black "NikiMa"]
[Result "0-1"]
[WhiteElo "1654"]
[BlackElo "1620"]
[Annotator "NA RC"]
[PlyCount "58"]
[EventDate "2021.01.18"]
[EventType "team-tourn"]
[EventCountry "GER"]
[SourceTitle "playchess.com"]
[Source "ChessBase"]
[SourceQuality "1"]
[WhiteTeam "Dortmunder SV"]
[BlackTeam "Bayern München II Amazonen"]

1. e4 e6 2. d4 d5 3. Nc3 Nf6 4. e5 Nfd7 5. f4 c5 6. Nf3 Nc6 7. Be3 a6 8. Qd2 b5 9. Be2 Qb6 10. Nd1 cxd4 11. Nxd4 Nxd4 12. Bxd4 Bc5 13. c3 b4 14. O-O O-O 15. Kh1 a5 16. f5 Bxd4 17. cxd4 Ba6 18. Bxa6 Qxa6 19. Ne3 f6 20. Rae1 fxe5 21. dxe5 Nxe5 22. Nxd5 exd5 23. Qxd5+ Nf7 24. f6 Rad8 25. Qf3 Qxf6 26. Qh5 Qg5 27. Qh3 Rd6 28. a3 Rf6 29. Rg1 Rh6 0-1

[Event "DSOL 2021"]
[Site "Germany"]
[Date "2021.01.22"]
[Round "1.1"]
[White "MauMaux"]
[Black "Duplo1"]
[Result "0-1"]
[WhiteElo "1620"]
[BlackElo "1620"]
[Annotator "NA RC"]
[PlyCount "104"]
[EventDate "2021.01.18"]
[EventType "team-tourn"]
[EventCountry "GER"]
[SourceTitle "playchess.com"]
[Source "ChessBase"]
[SourceQuality "1"]
[WhiteTeam "SC Zitadelle Spandau "]
[BlackTeam "SF Heidesheim I"]

1. e4 c5 2. Nf3 e6 3. d4 cxd4 4. Nxd4 a6 5. Bd3 Bc5 6. Nb3 Be7 7. O-O Nc6 8. Be3 Nf6 9. Nc3 b5 10. a4 b4 11. a5 d5 12. Bb6 Qd7 13. exd5 bxc3 14. dxc6 Qxc6 15. bxc3 Bb7 16. f3 Qxc3 17. Ra4 Bd5 18. Qe2 Qc8 19. Rb1 O-O 20. Kh1 Re8 21. Rh4 Bd6 22. Qe3 e5 23. Qg5 Qe6 24. Bf5 Qe7 25. Bxh7+ Nxh7 26. Qh5 f6 27. Qxh7+ Kf8 28. Rd1 Bg8 29. Qd3 Ba3 30. Ra4 Rac8 31. h3 Bf7 32. Qxa6 Rxc2 33. Qd3 Rec8 34. Nd2 R2c3 35. Qh7 Bg8 36. Qg6 Bf7 37. Qh7 Qd7 38. Rg4 g5 39. a6 Rd3 40. Ba5 Bb3 41. Qh8+ Ke7 42. Qh7+ Bf7 43. Bb4+ Bxb4 44. Rxb4 Rxd2 45. Rxd2 Qxd2 46. Rb7+ Kd6 47. h4 Rc1+ 48. Kh2 Qf4+ 49. g3 Qd2+ 50. Kh3 Be6+ 51. g4 Rh1+ 52. Kg3 Qh2# 0-1

[Event "DSOL 2021"]
[Site "Germany"]
[Date "2021.01.21"]
[Round "1.1"]
[White "Michael Fehling"]
[Black "Lapinews"]
[Result "0-1"]
[WhiteElo "1620"]
[BlackElo "1620"]
[Annotator "NA RC"]
[PlyCount "58"]
[EventDate "2021.01.18"]
[EventType "team-tourn"]
[EventCountry "GER"]
[SourceTitle "playchess.com"]
[Source "ChessBase"]
[SourceQuality "1"]

1. e4 c5 2. Nf3 d6 3. d4 cxd4 4. Nxd4 Nf6 5. Nc3 Nc6 6. Bc4 Qb6 7. Nb3 e6 8. O-O a6 9. a4 Be7 10. a5 Qc7 11. Be3 Ne5 12. Be2 Nc4 13. Bxc4 Qxc4 14. f4 Nxe4 15. Qg4 Nf6 16. Qxg7 Rg8 17. Qh6 Bd7 18. Rf2 O-O-O 19. Rd2 Ng4 20. Qh3 Rg6 21. f5 exf5 22. Nd5 Kb8 23. Nxe7 Re6 24. Nd5 Bc6 25. Bb6 Rde8 26. Qg3 Bxd5 27. Rd4 Qxc2 28. Nd2 Ne3 29. h3 Rg6 0-1

[Event "DSOL 2021"]
[Site "Germany"]
[Date "2021.01.22"]
[Round "1.1"]
[White "Smitty77"]
[Black "Msb3"]
[Result "0-1"]
[WhiteElo "1620"]
[BlackElo "1620"]
[Annotator "NA RC"]
[PlyCount "62"]
[EventDate "2021.01.18"]
[EventType "team-tourn"]
[EventCountry "GER"]
[SourceTitle "playchess.com"]
[Source "ChessBase"]
[SourceQuality "1"]
[WhiteTeam "SK Bad Homburg I"]
[BlackTeam "SF Deizisau I"]

1. d4 d5 2. c4 e6 3. Nf3 Nf6 4. g3 Bb4+ 5. Bd2 Bd6 6. Bg2 c6 7. b3 Ne4 8. O-O O-O 9. Bf4 Bxf4 10. gxf4 b6 11. Qc2 Nd7 12. Nc3 Nd6 13. Ne5 Bb7 14. Rac1 Rc8 15. e3 Nf5 16. Qe2 Nh4 17. Bh3 Nxe5 18. fxe5 c5 19. cxd5 cxd4 20. exd4 Bxd5 21. f4 Ba8 22. d5 Bxd5 23. Nxd5 Qxd5 24. Rfd1 Rxc1 25. Rxc1 Rd8 26. Bg2 Nxg2 27. Qxg2 Qd1+ 28. Qf1 Qg4+ 29. Kh1 h5 30. Qf2 g6 31. Re1 Rd3 0-1

[Event "DSOL 2021"]
[Site "Germany"]
[Date "2021.01.21"]
[Round "1.1"]
[White "Son Goku"]
[Black "JP Ritscher"]
[Result "0-1"]
[WhiteElo "1620"]
[BlackElo "1603"]
[Annotator "NA RC"]
[PlyCount "96"]
[EventDate "2021.01.18"]
[EventType "team-tourn"]
[EventCountry "GER"]
[SourceTitle "playchess.com"]
[Source "ChessBase"]
[SourceQuality "1"]

1. c4 e6 2. g3 d5 3. Bg2 Nf6 4. Nf3 dxc4 5. Qa4+ c6 6. Qxc4 b5 7. Qb3 Bb7 8. O-O a6 9. a4 Nbd7 10. d4 c5 11. axb5 Bd5 12. Qc2 axb5 13. Rxa8 Qxa8 14. Nc3 Bc6 15. Nh4 Bxg2 16. Nxg2 Qb7 17. dxc5 Bxc5 18. Be3 O-O 19. Bxc5 Nxc5 20. b4 Nce4 21. Nxe4 Nxe4 22. Rc1 h6 23. Nf4 Nd6 24. Nd3 Nc4 25. Ra1 Ra8 26. Qc3 Rxa1+ 27. Qxa1 Qe4 28. Qa2 Nb6 29. Qa6 Qxe2 30. Qxb5 Nd5 31. Qc4 Nxb4 32. Qc8+ Kh7 33. Nxb4 Qe1+ 34. Kg2 Qxb4 35. Qc2+ f5 36. Qc7 Qe4+ 37. Kg1 e5 38. Qe7 Qd5 39. Qc7 Qe4 40. Qe7 f4 41. gxf4 Qxf4 42. Qd7 Kg6 43. Qe8+ Kg5 44. Kg2 Kh4 45. h3 Qe4+ 46. Kh2 Qf3 47. Qe7+ g5 48. Kg1 Kxh3 0-1

[Event "DSOL 2021"]
[Site "Germany"]
[Date "2021.01.21"]
[Round "1.1"]
[White "Stephan Haskamp"]
[Black "Danychess"]
[Result "1-0"]
[WhiteElo "1620"]
[BlackElo "1808"]
[Annotator "NA RC"]
[PlyCount "113"]
[EventDate "2021.01.18"]
[EventType "team-tourn"]
[EventCountry "GER"]
[SourceTitle "playchess.com"]
[Source "ChessBase"]
[SourceQuality "1"]

1. Nf3 Nf6 2. d3 g6 3. e4 d6 4. Be2 Bg7 5. O-O O-O 6. c3 c5 7. Re1 Nc6 8. h3 e5 9. Bf1 d5 10. Nbd2 Re8 11. a3 b6 12. b4 c4 13. Bb2 cxd3 14. Bxd3 Bb7 15. exd5 Nxd5 16. Qb3 Qd7 17. Rad1 Rad8 18. Bc4 b5 19. Bxb5 Qf5 20. Nf1 Nf4 21. c4 Rxd1 22. Rxd1 a6 23. Ng3 Qc8 24. Ba4 e4 25. Ng5 Bxb2 26. Qxb2 e3 27. N3e4 Re5 28. fxe3 Qf5 29. exf4 Qxf4 30. Rf1 Qe3+ 31. Qf2 Qxf2+ 32. Rxf2 Nd4 33. Nf6+ Kg7 34. Ne8+ Kg8 35. Nxf7 Re1+ 36. Rf1 Rxf1+ 37. Kxf1 Ba8 38. Ne5 Kf8 39. Nd6 Ke7 40. c5 Ke6 41. Nf3 Nxf3 42. gxf3 Bxf3 43. Kf2 Bd5 44. Bc2 Ke5 45. Bd3 a5 46. Ke3 axb4 47. axb4 Be6 48. h4 Bd7 49. Be4 Kf6 50. b5 Bxb5 51. Nxb5 Ke7 52. c6 Kd8 53. Kd4 Kc8 54. Kc5 h6 55. Bxg6 h5 56. Bf5+ Kd8 57. c7+ 1-0

[Event "DSOL 2021"]
[Site "Germany"]
[Date "2021.01.22"]
[Round "1.1"]
[White "Superfuffzger"]
[Black "Juppi96"]
[Result "1-0"]
[WhiteElo "1620"]
[BlackElo "1620"]
[Annotator "NA RC"]
[PlyCount "91"]
[EventDate "2021.01.18"]
[EventType "team-tourn"]
[EventCountry "GER"]
[SourceTitle "playchess.com"]
[Source "ChessBase"]
[SourceQuality "1"]
[WhiteTeam "Bayern München I"]
[BlackTeam "SF Berlin I"]

1. e4 c5 2. Nf3 d6 3. d4 cxd4 4. Nxd4 Nf6 5. Nc3 a6 6. h3 e6 7. g4 Nfd7 8. Bg2 Be7 9. O-O Nc6 10. Be3 O-O 11. Qe2 Nxd4 12. Bxd4 b5 13. e5 d5 14. f4 b4 15. Na4 a5 16. Qe3 Ba6 17. Rf2 Rc8 18. Bf1 Bxf1 19. Raxf1 Nb8 20. b3 Nc6 21. Bb6 Qe8 22. f5 Bh4 23. f6 gxf6 24. Qh6 Bxf2+ 25. Rxf2 Nxe5 26. Bd4 Qe7 27. g5 Kh8 28. Rxf6 Nf3+ 29. Rxf3+ e5 30. Bb2 Rg8 31. h4 Rg6 32. Qh5 Rxc2 33. Re3 Re6 34. Qf3 d4 35. Qa8+ Kg7 36. Rg3 Qc7 37. h5 Rxb2 38. h6+ Kg6 39. Qg8+ Kh5 40. Nxb2 Qc1+ 41. Kh2 Qxb2+ 42. Rg2 Qc3 43. Qxf7+ Rg6 44. Qf5 Rc6 45. g6+ Kxh6 46. gxh7 1-0

[Event "DSOL 2021"]
[Site "Germany"]
[Date "2021.01.22"]
[Round "1.1"]
[White "Stefan63"]
[Black "PhMueller"]
[Result "0-1"]
[WhiteElo "1479"]
[BlackElo "1620"]
[Annotator "NA RC"]
[PlyCount "60"]
[EventDate "2021.01.18"]
[EventType "team-tourn"]
[EventCountry "GER"]
[SourceTitle "playchess.com"]
[Source "ChessBase"]
[SourceQuality "1"]
[WhiteTeam "SC Roter Turm Altstadt I"]
[BlackTeam "SK Rochade Augsburg"]

1. e4 c6 2. d4 d5 3. e5 c5 4. Nf3 cxd4 5. Nxd4 Nc6 6. Bb5 Bd7 7. Bxc6 bxc6 8. O-O e6 9. c4 c5 10. Nf3 d4 11. Nbd2 Bc6 12. Ne1 Qg5 13. Ndf3 Qf5 14. Qc2 Qxc2 15. Nxc2 a5 16. Rd1 Ne7 17. Nce1 a4 18. Nd3 Nc8 19. Bd2 Nb6 20. b3 Be7 21. Rdc1 axb3 22. axb3 O-O 23. b4 Rxa1 24. Rxa1 Bxf3 25. gxf3 Nxc4 26. Be1 cxb4 27. Ra7 Re8 28. Nxb4 Nxe5 29. Kg2 Bxb4 30. Bxb4 Nc6 0-1

[Event "DSOL 2021"]
[Site "Germany"]
[Date "2021.01.21"]
[Round "1.2"]
[White "Gmvlasta"]
[Black "Knightofficer"]
[Result "1-0"]
[WhiteElo "1857"]
[BlackElo "2131"]
[Annotator "TA"]
[PlyCount "67"]
[EventDate "2021.01.18"]
[EventType "team-tourn"]
[EventCountry "GER"]
[SourceTitle "playchess.com"]
[Source "ChessBase"]
[SourceQuality "1"]

1. d4 e6 2. c4 d5 3. Nf3 c6 4. e3 Bd6 5. Nc3 f5 6. b3 Nf6 7. Bb2 O-O 8. Bd3 Ne4 9. O-O Nd7 10. Ne2 a5 11. Nf4 Qf6 12. a3 Qh6 13. Ne5 Nxe5 14. dxe5 Bc5 15. Rc1 Nxf2 16. Rxf2 Bxe3 17. Qf3 d4 18. c5 g5 19. Ne2 g4 20. Qg3 Bg5 21. Rc4 b5 22. Rxd4 Bh4 23. Bc1 Bxg3 24. Bxh6 Bxe5 25. Rxg4+ Kh8 26. Bxf8 fxg4 27. Bd6 Bb2 28. Rf7 e5 29. Rxh7+ Kg8 30. Re7 a4 31. bxa4 bxa4 32. Bc4+ Kh8 33. Bxe5+ Bxe5 34. Rxe5 1-0

[Event "DSOL 2021"]
[Site "Germany"]
[Date "2021.01.22"]
[Round "1.2"]
[White "Chessbard"]
[Black "Der Dessauer"]
[Result "1-0"]
[WhiteElo "1848"]
[BlackElo "1618"]
[Annotator "NA RC"]
[PlyCount "67"]
[EventDate "2021.01.18"]
[EventType "team-tourn"]
[EventCountry "GER"]
[SourceTitle "playchess.com"]
[Source "ChessBase"]
[SourceQuality "1"]
[WhiteTeam "SG Porz I"]
[BlackTeam "SK Dessau I"]

1. d4 d5 2. Nf3 Nf6 3. c4 c6 4. Nc3 g6 5. cxd5 cxd5 6. g3 Nc6 7. Bg2 Bg7 8. Ne5 O-O 9. Nxc6 bxc6 10. O-O Nd7 11. f4 e6 12. Be3 Rb8 13. Na4 Qa5 14. a3 Qb5 15. b4 a5 16. Rb1 Ba6 17. Bf3 axb4 18. axb4 Qc4 19. Qd2 Qb5 20. Nc3 Qb7 21. Na4 Bc4 22. Rfc1 Rfd8 23. Qc2 Ra8 24. Bf2 Qa7 25. Nc5 Rdb8 26. e3 h5 27. h3 Nxc5 28. bxc5 Qa6 29. Qc3 Rxb1 30. Rxb1 Bf6 31. Kg2 Bd8 32. g4 hxg4 33. hxg4 Qa2 34. Qb2 1-0

[Event "DSOL 2021"]
[Site "Germany"]
[Date "2021.01.22"]
[Round "1.2"]
[White "Chris2001"]
[Black "Boso ( CRO )"]
[Result "1-0"]
[WhiteElo "1818"]
[BlackElo "1589"]
[Annotator "NA RC"]
[PlyCount "75"]
[EventDate "2021.01.18"]
[EventType "team-tourn"]
[EventCountry "GER"]
[SourceTitle "playchess.com"]
[Source "ChessBase"]
[SourceQuality "1"]
[WhiteTeam "Lübecker SV"]
[BlackTeam "SC Bad Wimpfen"]

1. d4 Nf6 2. c4 e6 3. g3 d5 4. Nf3 Be7 5. Bg2 O-O 6. O-O dxc4 7. Ne5 Nc6 8. Bxc6 bxc6 9. Nxc6 Qe8 10. Nxe7+ Qxe7 11. Qa4 e5 12. dxe5 Qxe5 13. Qxc4 Be6 14. Qd3 Rad8 15. Qe3 Qh5 16. f3 Rfe8 17. Qg5 Qh3 18. Qc5 Bd5 19. e4 Nxe4 20. fxe4 Rxe4 21. Qf2 Bc4 22. Re1 Qg4 23. Nc3 Rxe1+ 24. Qxe1 Qf3 25. Bf4 h6 26. Qe4 Qxe4 27. Nxe4 Re8 28. Nc3 c6 29. Kf2 g5 30. Be3 a6 31. Rd1 Re6 32. b3 Rf6+ 33. Kg2 Be6 34. h3 Kh7 35. g4 Bc8 36. Rd8 Be6 37. Ne4 Rg6 38. Bd4 1-0

[Event "DSOL 2021"]
[Site "Germany"]
[Date "2021.01.22"]
[Round "1.2"]
[White "Andreas Heimann"]
[Black "EK47"]
[Result "0-1"]
[WhiteElo "1620"]
[BlackElo "2019"]
[Annotator "NA RC"]
[PlyCount "100"]
[EventDate "2021.01.18"]
[EventType "team-tourn"]
[EventCountry "GER"]
[SourceTitle "playchess.com"]
[Source "ChessBase"]
[SourceQuality "1"]
[WhiteTeam "SF Deizisau I"]
[BlackTeam "SK Bad Homburg I"]

1. d4 d5 2. c4 e6 3. Nf3 Nf6 4. g3 Be7 5. Bg2 O-O 6. Qc2 c6 7. O-O Nbd7 8. b3 Ne4 9. Nbd2 f5 10. Bb2 Ndf6 11. Ne5 Bd7 12. Nxe4 Nxe4 13. f3 Nf6 14. c5 Be8 15. b4 Qc7 16. Rae1 a5 17. a3 Bg6 18. Nxg6 hxg6 19. e4 axb4 20. axb4 Ra2 21. Qb3 Rfa8 22. Re2 Nh5 23. Rfe1 Bf6 24. e5 Bd8 25. Bc1 Rxe2 26. Rxe2 g5 27. Ra2 Qb8 28. Bh3 g6 29. Bf1 Ra7 30. b5 Qa8 31. Rxa7 Qxa7 32. Qa3 Qxa3 33. Bxa3 Kf7 34. b6 Ke7 35. Bc1 Kd7 36. Kg2 Be7 37. g4 Ng7 38. Bd3 Bd8 39. f4 gxf4 40. Bxf4 g5 41. Be3 Be7 42. Kf3 Bd8 43. h3 Be7 44. Kg2 Bd8 45. Bc1 Be7 46. Bd2 Bd8 47. h4 gxh4 48. Bh6 fxg4 49. Bxg7 h3+ 50. Kh1 Bg5 0-1

[Event "DSOL 2021"]
[Site "Germany"]
[Date "2021.01.21"]
[Round "1.2"]
[White "KAdamowicz"]
[Black "Der_Vagabund"]
[Result "1/2-1/2"]
[WhiteElo "1620"]
[BlackElo "1620"]
[Annotator "NA RC"]
[PlyCount "109"]
[EventDate "2021.01.18"]
[EventType "team-tourn"]
[EventCountry "GER"]
[SourceTitle "playchess.com"]
[Source "ChessBase"]
[SourceQuality "1"]

1. e4 c5 2. Nf3 d6 3. d4 cxd4 4. Nxd4 Nf6 5. Nc3 Nc6 6. Bb5 Bd7 7. Bg5 Rc8 8. Qd2 Qa5 9. Nb3 Qb6 10. a4 a6 11. a5 Qc7 12. Bd3 Ne5 13. Bxf6 gxf6 14. Nd5 Nxd3+ 15. cxd3 Qc2 16. Nd4 Qxd2+ 17. Kxd2 Bh6+ 18. f4 e6 19. Nxf6+ Ke7 20. Nh5 Rc5 21. g4 Rhc8 22. g5 e5 23. b4 Rc3 24. Nf5+ Bxf5 25. exf5 Rc2+ 26. Ke3 exf4+ 27. Kxf4 Rf2+ 28. Kg4 Rg2+ 29. Ng3 Bf8 30. Rac1 Rxc1 31. Rxc1 Kd7 32. Kf3 Rxh2 33. Ne4 Be7 34. f6 Bf8 35. Nc3 Rh3+ 36. Ke2 Rh5 37. Rg1 Ke6 38. b5 h6 39. bxa6 bxa6 40. gxh6 Bxh6 41. Ne4 Rxa5 42. Rg8 Re5 43. Kf3 Rd5 44. Kg4 Rxd3 45. Re8+ Kd5 46. Nxd6 Re3 47. Rd8 Ke6 48. Kh5 Kxf6 49. Ne8+ Ke7 50. Ra8 Bf4 51. Kg4 Be5 52. Kf5 a5 53. Rxa5 Kxe8 54. Rxe5+ Rxe5+ 55. Kxe5 1/2-1/2

[Event "DSOL 2021"]
[Site "Germany"]
[Date "2021.01.22"]
[Round "1.2"]
[White "Nelly Vidonyak"]
[Black "DaLaZh"]
[Result "1-0"]
[WhiteElo "1620"]
[BlackElo "1709"]
[Annotator "NA RC"]
[PlyCount "175"]
[EventDate "2021.01.18"]
[EventType "team-tourn"]
[EventCountry "GER"]
[SourceTitle "playchess.com"]
[Source "ChessBase"]
[SourceQuality "1"]
[WhiteTeam "Bayern München II Amazonen"]
[BlackTeam "Dortmunder SV"]

1. d4 g6 2. e4 Bg7 3. c3 c5 4. Nf3 cxd4 5. cxd4 d6 6. Nc3 Nf6 7. Be2 O-O 8. O-O Nc6 9. h3 a6 10. Be3 b5 11. a3 Bb7 12. b4 Rc8 13. Qb3 e6 14. Rac1 Nd7 15. d5 exd5 16. Nxd5 Re8 17. Bg5 Nf6 18. Qb1 h6 19. Nxf6+ Bxf6 20. Bxh6 Nd4 21. Nxd4 Bxd4 22. Rxc8 Qxc8 23. Bg4 Qc3 24. Qd1 Bxe4 25. Bf4 Bd3 26. Bd2 Qxa3 27. Qf3 Qb3 28. Qc6 Rd8 29. Re1 Qc2 30. Qxc2 Bxc2 31. Bg5 f6 32. Rc1 Be4 33. Be6+ Kf8 34. Re1 d5 35. Bh6+ Ke7 36. Bxd5 Rxd5 37. Rxe4+ Be5 38. f4 Rd4 39. Re1 Rxb4 40. fxe5 fxe5 41. Rxe5+ Kf6 42. Re1 Ra4 43. Bd2 b4 44. g4 a5 45. h4 Ra2 46. Bg5+ Kf7 47. h5 gxh5 48. gxh5 b3 49. Rf1+ Kg7 50. h6+ Kg6 51. Rf6+ Kxg5 52. h7 b2 53. Rb6 Ra1+ 54. Kg2 b1=Q 55. Rxb1 Rxb1 56. h8=Q Rb5 57. Qd8+ Kh6 58. Qh8+ Kg5 59. Qg7+ Kh5 60. Qf7+ Kg5 61. Qe7+ Kh6 62. Qe6+ Kg5 63. Kg3 Rf5 64. Qe3+ Kf6 65. Kg4 Re5 66. Qb6+ Kf7 67. Qc7+ Kf6 68. Qd6+ Re6 69. Qd8+ Kf7 70. Qxa5 Rg6+ 71. Kf5 Rf6+ 72. Ke5 Re6+ 73. Kd5 Rf6 74. Qc7+ Kg6 75. Qg3+ Kf7 76. Qc7+ Kg6 77. Qe7 Kf5 78. Qe4+ Kg5 79. Qg2+ Kf5 80. Qf3+ Kg6 81. Qg4+ Kf7 82. Ke5 Rg6 83. Qd7+ Kg8 84. Kf5 Rg7 85. Qe8+ Kh7 86. Kf6 Rg3 87. Qe4+ Kg8 88. Qc4+ 1-0

[Event "DSOL 2021"]
[Site "Germany"]
[Date "2021.01.21"]
[Round "1.2"]
[White "Principe123"]
[Black "Jonirie"]
[Result "1-0"]
[WhiteElo "1620"]
[BlackElo "1674"]
[Annotator "NA RC"]
[PlyCount "105"]
[EventDate "2021.01.18"]
[EventType "team-tourn"]
[EventCountry "GER"]
[SourceTitle "playchess.com"]
[Source "ChessBase"]
[SourceQuality "1"]

1. d4 Nf6 2. c4 g6 3. Nc3 Bg7 4. e4 d6 5. Be2 O-O 6. Be3 e5 7. d5 a5 8. g4 Na6 9. g5 Ne8 10. h4 f5 11. gxf6 Nxf6 12. h5 Nc5 13. hxg6 hxg6 14. Qc2 Ng4 15. Bxg4 Bxg4 16. Nge2 Bf3 17. Rg1 Qh4 18. Bxc5 dxc5 19. Rxg6 Bg4 20. O-O-O Qh5 21. Rxg4 Qxg4 22. Ng3 Qf4+ 23. Kb1 Qxf2 24. Nf5 Qxc2+ 25. Kxc2 Bf6 26. Na4 b6 27. d6 Rad8 28. Rg1+ Kf7 29. dxc7 Rc8 30. Nd6+ Ke6 31. Nxc8 Rxc8 32. Nxb6 Rxc7 33. Nd5 Rg7 34. Rxg7 Bxg7 35. Kb3 Bh6 36. Ka4 Bd2 37. Kb5 Kd6 38. Nc3 Bc1 39. Na4 Be3 40. Kxa5 Kc6 41. Ka6 Bc1 42. b3 Ba3 43. Nb6 Bc1 44. Nd5 Bg5 45. Ka5 Bd2+ 46. Ka4 Bg5 47. a3 Bh4 48. b4 cxb4 49. axb4 Bf2 50. Kb3 Bd4 51. c5 Kb5 52. Nc3+ Kc6 53. Kc4 1-0

[Event "DSOL 2021"]
[Site "Germany"]
[Date "2021.01.22"]
[Round "1.2"]
[White "Seraphim93"]
[Black "ViciousSeal"]
[Result "1-0"]
[WhiteElo "1620"]
[BlackElo "1620"]
[Annotator "NA RC"]
[PlyCount "53"]
[EventDate "2021.01.18"]
[EventType "team-tourn"]
[EventCountry "GER"]
[SourceTitle "playchess.com"]
[Source "ChessBase"]
[SourceQuality "1"]
[WhiteTeam "SF Heidesheim I"]
[BlackTeam "SC Zitadelle Spandau "]

1. d4 Nf6 2. g3 g6 3. Bg2 d5 4. Nf3 Bg7 5. O-O O-O 6. c4 c6 7. b3 dxc4 8. bxc4 c5 9. e3 Nc6 10. Bb2 Qb6 11. Qb3 Ne4 12. Ne5 Nd6 13. Qxb6 axb6 14. Nxc6 bxc6 15. Bxc6 Ra7 16. Nd2 Be6 17. Rfc1 Rc8 18. Bd5 Bxd5 19. cxd5 Rca8 20. a3 Ra4 21. Nf3 Nb5 22. Ra2 cxd4 23. exd4 Nxd4 24. Nxd4 Bxd4 25. Bxd4 Rxd4 26. Rc7 Rc4 27. Rxc4 1-0

[Event "DSOL 2021"]
[Site "Germany"]
[Date "2021.01.22"]
[Round "1.2"]
[White "Thorstenson-183"]
[Black "Bulkington"]
[Result "1/2-1/2"]
[WhiteElo "1620"]
[BlackElo "1670"]
[Annotator "NA RC"]
[PlyCount "74"]
[EventDate "2021.01.18"]
[EventType "team-tourn"]
[EventCountry "GER"]
[SourceTitle "playchess.com"]
[Source "ChessBase"]
[SourceQuality "1"]
[WhiteTeam "SK Rochade Augsburg"]
[BlackTeam "SC Roter Turm Altstadt I"]

1. d4 f5 2. Nc3 Nf6 3. Bg5 d5 4. Bxf6 exf6 5. e3 Be6 6. Bd3 Nc6 7. a3 Qd7 8. Qf3 g6 9. Nge2 Ne7 10. Nf4 Bf7 11. h4 h5 12. O-O-O O-O-O 13. Kb1 Kb8 14. Bb5 Qd6 15. Nd3 Nc8 16. Nc5 Nb6 17. a4 c6 18. Bd3 Nd7 19. Nb3 Qc7 20. Rc1 Nb6 21. Qe2 Bb4 22. Na2 Bd6 23. Nc3 Bb4 24. Na2 Bd6 25. Nc3 Rhe8 26. Qf3 Nc4 27. Rcd1 Bb4 28. Na2 Be7 29. Rhe1 Ka8 30. Bf1 Na5 31. Nac1 Bb4 32. Re2 Nc4 33. Nd3 Be7 34. Ree1 Na5 35. Ndc5 Nxb3 36. Nxb3 Bb4 37. c3 Bd6 1/2-1/2

[Event "DSOL 2021"]
[Site "Germany"]
[Date "2021.01.22"]
[Round "1.2"]
[White "X-Bomb"]
[Black "Destroy"]
[Result "1-0"]
[WhiteElo "1620"]
[BlackElo "1572"]
[Annotator "NA RC"]
[PlyCount "59"]
[EventDate "2021.01.18"]
[EventType "team-tourn"]
[EventCountry "GER"]
[SourceTitle "playchess.com"]
[Source "ChessBase"]
[SourceQuality "1"]
[WhiteTeam "SF Berlin I"]
[BlackTeam "Bayern München I"]

1. c4 e6 2. Nc3 d5 3. d4 Nf6 4. cxd5 exd5 5. Bg5 Nbd7 6. e3 Be7 7. Bd3 c6 8. Qc2 Nh5 9. Bxe7 Qxe7 10. Nge2 g6 11. O-O-O Ng7 12. Rhe1 O-O 13. Kb1 Nf6 14. Ng3 Ne6 15. f4 Re8 16. f5 Ng5 17. h4 Nge4 18. Bxe4 Nxe4 19. Ncxe4 dxe4 20. Qf2 Qxh4 21. Rh1 Qg5 22. Rdf1 Bxf5 23. Nxf5 gxf5 24. g4 f4 25. Rh5 Qg7 26. Qxf4 Re6 27. Rfh1 Rae8 28. Qf5 Rg6 29. Rxh7 Qxh7 30. Rxh7 1-0